000 01121nam a22003257a 4500
003 CHAP
005 20220329134017.0
008 971013s1955 r 00010 d
010 _a14039
011 _a15011
035 _a19085
040 _cCHAP
090 _aTesis
100 0 0 _aGonzález Gutiérrez, Francisco.
_949014
245 _aConservación restauración de suelos en cafetales establecidos y nuevas áreas por fincar en la región cafetalera de Veracruz
260 _aChapingo, Méx. :
_bEl autor,
_c1955
300 _a31 h.
_b: ilus
502 _aTesis (Ing. Agr. Esp. en Irrigación) -- ENA. Departamento de Irrigación
590 _aALEPH
_b10
_c20130110
_lUCH01
_h1234
590 _aBATCH-UPD
_b10
_c20130110
_lUCH01
_h2224
590 _aBATCH-UPD
_b10
_c20130410
_lUCH01
_h1521
590 _aBATCH-UPD
_b10
_c20130914
_lUCH01
_h1949
590 _aCONVERSION
_b10
_c20130109
_lUCH01
_h1309
650 1 4 _aSuelos cafetaleros.
_9110538
650 1 4 _aSuelos
_zVeracruz.
_9110530
901 _aBK
942 _cFOLL
949 _bBC
_cTES
_d-44284
_eTS1
_i19085
_si
949 _bBC
_cTES
_d-44285
_eTS2
_fc.2
_i19085
_si
999 _c14039
_d14039